000 00277nam a22001217a 4500
008 180122b xxu||||| |||| 00| 0 eng d
041 _aeng
080 _a33
100 _a52
101 _aECO
245 _aA STUDY IN CLASICCAL ECONOMICS
_cMCCULLOGH.J.R
942 _2udc
_cBK
999 _c40679
_d40679